| 000 | 00923cab a2200253 4500 | ||
|---|---|---|---|
| 001 | ABS36822 | ||
| 008 | 090401t1986 xxu||||| |||| 00| 0 eng d | ||
| 035 | _a(Sirsi) u479 | ||
| 041 | _aeng | ||
| 100 | _aDrake, B. | ||
| 245 | _aCathodic protection a concrete answer to salt | ||
| 260 | _c1986 | ||
| 350 | _a0 | ||
| 490 |
_aContract Journal _v333(5577) 4 September 1986, 22-24(4) |
||
| 520 | _aDescribes a condition survey into the state of Britain`s road bridges , and indicates the likely results. Also a feasible method of repair the use of cathodic steel for protection. | ||
| 650 | _aCONCRETE | ||
| 650 | _aCORROSION | ||
| 650 |
_aInfrastructure _96246 |
||
| 650 | _aBUILT ENVIRONMENT-BUILDING MAINTENANCE AND REFURBISHMENT | ||
| 650 | _aPROPERTY-INFRASTRUCTURE-TRANSPORT INFRASTRUCTURE-ROAD INFRASTRUCTURE | ||
| 690 | _aBUILDING AND CONSTRUCTION-DEFECTS AND FAILURES | ||
| 942 | _n0 | ||
| 948 | _c04/03/1997 | ||
| 999 |
_c210 _d210 |
||